[Event "TUR-chT Clubs"]
[Site "Konya"]
[Date "2019.07.18"]
[Round "5.26"]
[White "Cerci, Kayra"]
[Black "Kara, Alihan"]
[Result "1-0"]
[WhiteElo "1109"]
[BlackElo "1323"]
[PlyCount "73"]
[EventDate "2019.07.16"]
[EventType "team-swiss"]
[EventRounds "9"]
[EventCountry "TUR"]
[SourceTitle "CBM 191 Extra"]
[Source "ChessBase"]
[SourceDate "2019.09.30"]
[SourceVersion "1"]
[SourceVersionDate "2019.09.30"]
[SourceQuality "1"]
[WhiteTeam "Dumlupinar Turk"]
[BlackTeam "Mustafa Kemal Ortaokulu"]
[WhiteTeamCountry "TUR"]
[BlackTeamCountry "TUR"]

1. e4 e5 2. Nf3 Nc6 3. d4 exd4 4. Nxd4 Nf6 5. Nxc6 bxc6 6. e5 Nd5 7. c4 Nb6 8. Bd3 d5 9. exd6 cxd6 10. 0-0 Be7 11. Nc3 0-0 12. Qc2 f5 13. Re1 Bg5 14. Bxg5 Qxg5 15. Rad1 g6 16. b3 f4 17. f3 Ba6 18. Be4 Rad8 19. Kh1 d5 20. cxd5 cxd5 21. Bd3 Bb7 22. Nb5 a6 23. Nd4 Bc8 24. Ne6 Bxe6 25. Rxe6 Rf6 26. Qc6 Nd7 27. Bxa6 Nb8 28. Qb6 Rff8 29. Bd3 Rfe8 30. Rde1 Kf7 31. Rxe8 Rxe8 32. Rxe8 Kxe8 33. Qxb8+ Kf7 34. Qc7+ Ke6 35. a4 Qh4 36. Qc1 Qf6 37. Qc6+ 1-0